Preludio a la nueva Colombia : (Registro nro. 5202)
[ vista simple ]
| 000 -LEADER | |
|---|---|
| fixed length control field | 01199nam a2200265Ia 4500 |
| 003 - CONTROL NUMBER IDENTIFIER | |
| control field | OSt |
| 005 - DATE AND TIME OF LATEST TRANSACTION | |
| control field | 20200415165155.0 |
| 008 - FIXED-LENGTH DATA ELEMENTS--GENERAL INFORMATION | |
| fixed length control field | 191128s1992 ck gr 000 0dspa d |
| 020 ## - INTERNATIONAL STANDARD BOOK NUMBER | |
| International Standard Book Number | 9589547400 |
| 040 ## - CATALOGING SOURCE | |
| Original cataloging agency | CO-JMCR |
| Transcribing agency | CO-JMCR |
| 041 0# - LANGUAGE CODE | |
| Language code of text/sound track or separate title | spa |
| 082 04 - DEWEY DECIMAL CLASSIFICATION NUMBER | |
| Classification number | 303.43 / |
| Item number | C182p |
| 100 1# - MAIN ENTRY--PERSONAL NAME | |
| Personal name | Cavelier, Carlos Enrique, |
| Relator term | autor |
| 9 (RLIN) | 3079 |
| 245 10 - TITLE STATEMENT | |
| Title | Preludio a la nueva Colombia : |
| Remainder of title | dos años de reflexión sobre nuestro vivir / |
| Statement of responsibility, etc. | Carlos Enrique Cavelier ; prólogo del Presidente César Gaviria |
| 250 ## - EDITION STATEMENT | |
| Edition statement | Primer edición |
| 260 ## - PUBLICATION, DISTRIBUTION, ETC. | |
| Place of publication, distribution, etc. | Bogotá : |
| Name of publisher, distributor, etc. | Prodemocracia, |
| Date of publication, distribution, etc. | 1992 |
| 300 ## - PHYSICAL DESCRIPTION | |
| Extent | 291 páginas ; |
| Other physical details | 21 cm. |
| 500 ## - GENERAL NOTE | |
| General note | Incluye biografía del autor en solapa frontal.<br/> |
| 505 ## - FORMATTED CONTENTS NOTE | |
| Formatted contents note | Preludio al nuevo país -- Algo de economía -- Imposible para un político no publicar unos discursos |
| 520 ## - SUMMARY, ETC. | |
| Summary, etc. | Preludio a la nueva Colombia es una crónica de opinión que a través del tiempo ha analizado los procesos políticos que se han dado en nuestro país desde julio de 1989. El libro recoge una serie de artículos aparecidos en la prensa. |
| 650 14 - SUBJECT ADDED ENTRY--TOPICAL TERM | |
| Topical term or geographic name entry element | Cambio social |
| 9 (RLIN) | 3080 |
| 650 24 - SUBJECT ADDED ENTRY--TOPICAL TERM | |
| Topical term or geographic name entry element | Condiciones sociales |
| 9 (RLIN) | 3081 |
| 700 1# - ADDED ENTRY--PERSONAL NAME | |
| Personal name | Gaviria, César, |
| Relator term | prologuista |
| 9 (RLIN) | 3082 |
| 942 ## - ADDED ENTRY ELEMENTS (KOHA) | |
| Source of classification or shelving scheme | Dewey Decimal Classification |
| Koha item type | Books |
| Withdrawn status | Lost status | Source of classification or shelving scheme | Materials specified (bound volume or other part) | Damaged status | Not for loan | Home library | Current library | Date acquired | Source of acquisition | Cost, normal purchase price | Total Checkouts | Full call number | Barcode | Date last seen | Copy number | Price effective from | Koha item type | Public note |
|---|---|---|---|---|---|---|---|---|---|---|---|---|---|---|---|---|---|---|
| Dewey Decimal Classification | Donación--15/04/2018-- | Biblioteca Pública José María del Castillo y Rada | Biblioteca Pública José María del Castillo y Rada | 11/28/2019 | Donación | 0.00 | 303.43 / C182p | 430001486 | 05/16/2024 | Ej.1 | 11/28/2019 | Books | Exlibris : nota con esfero enla primera página |